| 000 | 00556nam a2200193 a 4500 | ||
|---|---|---|---|
| 005 | 20220531063705.0 | ||
| 008 | 021106s2001 mx r 000 0 spa d | ||
| 020 | _a9684115105 | ||
| 035 | _aUPN01000120782 | ||
| 049 | _aCG | ||
| 050 | 4 |
_aPQ8519 A2 _bF3 |
|
| 100 | 1 |
_aAchugar, Hugo, _d1944- _930340 |
|
| 245 | 1 | 0 |
_aFalsas memorias : _bBlanca Luz Brum / _cHugo Achugar. |
| 260 |
_aMéxico : _bEra : _bTrilce, _cc2001. |
||
| 300 |
_a178 p. : _bfotos |
||
| 650 | 7 |
_aLiteratura uruguaya _2 _95065 |
|
| 600 | 1 | 4 |
_aBRUM, BLANCA LUZ, _d1905-1985 _99406 |
| 905 | _aLibro | ||
| 999 |
_c93116 _d93116 |
||